| 000 | 00955nas a2200313 4500 | ||
|---|---|---|---|
| 001 | BR2012002176 | ||
| 003 | BR-BrBNA | ||
| 005 | 20231205120338.0 | ||
| 007 | ta | ||
| 008 | 230509b bl.|||p| |||| 00| 00por d | ||
| 040 |
_aBR-BrBNA _bpor _cBiblioteca Nacional de Agricultura |
||
| 041 | _a(Pt) | ||
| 072 | _aF03 | ||
| 100 | 1 | _aAzeredo, G.A. de | |
| 100 | 1 | _aPaula, R.C. de | |
| 100 | 1 | _aValeri, S.V. | |
| 100 | 1 | _aMoro, F.V. | |
| 245 | 1 | _aSuperação de dormência de sementes de Piptadenia moniliformis Benth | |
| 246 | 1 | _aDormancy break in Piptadenia moniliformis Benth | |
| 650 | _aFLORESTA | ||
| 650 | _aSEMENTE FLORESTAL | ||
| 650 | _aÁRVORE | ||
| 650 | _aDORMÊNCIA DA SEMENTE | ||
| 650 | _aQUEBRA DA DORMÊNCIA | ||
| 650 | _aGERMINAÇÃO | ||
| 773 | 0 |
_tRevista Brasileira de Sementes (Brazil) _xISSN 0101-3122 _g(Jun 2010), v. 32(2) p. 49-58 _wBR2012002176 |
|
| 909 |
_a202311 _bLúcia _c55 _dLúcia Elande |
||
| 942 |
_2AGRIS _n0 _cANA |
||
| 999 |
_c218054 _d218054 |
||